[Event "Eastpointe (MI Action/3/26)"]
[Site "?"]
[Date "1993.??.??"]
[Round "?"]
[White "Ruderman, M."]
[Black "Hill, Brad"]
[Result "0-1"]
[WhiteElo "1605"]
[BlackElo "1605"]
[PlyCount "97"]
[EventDate "1993.??.??"]

{3/(26)} 1. e4 e5 2. Nf3 Nc6 3. Nc3 Nf6 4. Bc4 Bc5 5. Ng5 O-O 6. d3 d6 7. Nd5
Nxd5 8. Bxd5 Nb4 9. Bc4 h6 10. Nxf7 Rxf7 11. Bxf7+ Kxf7 12. Qf3+ Qf6 13. Qxf6+
Kxf6 14. O-O Nxc2 15. Rb1 Be6 16. Be3 Bxa2 17. Rbc1 Bb3 18. Bxc5 dxc5 19. f4
Ke6 20. f5+ Kf6 21. Rf2 Rd8 22. Rfxc2 Bxc2 23. Rxc2 Rxd3 24. Rxc5 Rd1+ 25. Kf2
Rb1 26. Rc2 c6 27. Kf3 b5 28. Rxc6+ Kg5 29. g3 Rxb2 30. Rg6+ Kh5 31. Rxg7 b4
32. h4 Rb3+ 33. Kg2 Rd3 34. Rxa7 Kg4 35. Ra6 b3 36. Rxh6 Rd2+ 37. Kf1 b2 38.
Rb6 Rd1+ 39. Ke2 b1=Q 40. Rxb1 Rxb1 41. Kf2 Rb2+ 42. Ke3 Rb3+ 43. Kf2 Rxg3 44.
f6 Rf3+ 45. Ke2 Rxf6 46. Kd3 Kxh4 47. Kc4 Kg4 48. Kd5 Kf4 49. Kc5 0-1

[Event "Eastpointe (MI Action/5/21)"]
[Site "?"]
[Date "1993.??.??"]
[Round "?"]
[White "Ruderman, M."]
[Black "Foord, Allan"]
[Result "0-1"]
[WhiteElo "1605"]
[BlackElo "1680"]
[PlyCount "67"]
[EventDate "1993.??.??"]

{5/(21)} 1. e4 c5 2. Nf3 d6 3. d3 Nc6 4. Nc3 Nf6 5. Bg5 e6 6. d4 Be7 7. e5 dxe5
8. dxe5 Nd5 9. Bxe7 Ncxe7 10. Bb5+ Bd7 11. Bxd7+ Qxd7 12. Nxd5 exd5 13. Qd2 Qe6
14. O-O O-O 15. Rfe1 Rad8 16. Rad1 Ng6 17. c4 dxc4 18. Qxd8 Rxd8 19. Rxd8+ Nf8
20. Rd2 h6 21. Red1 Kh7 22. Rd7 Nxd7 23. h3 Nxe5 24. Nxe5 Qxe5 25. Rd7 Qxb2 26.
Rxf7 c3 27. Re7 c2 28. Re1 c1=Q 29. Rxc1 Qxc1+ 30. Kh2 Kg6 31. g4 Kg5 32. Kg3
Qf4+ 33. Kg2 c4 34. Kf1 0-1

[Event "Eastpointe (MI Action/1/18)"]
[Site "?"]
[Date "1993.??.??"]
[Round "?"]
[White "Ruderman, M."]
[Black "Bee, A."]
[Result "0-1"]
[WhiteElo "1605"]
[BlackElo "1830"]
[PlyCount "63"]
[EventDate "1993.??.??"]

{1/(18)} 1. e4 c6 2. d4 d5 3. e5 Bf5 4. Nf3 e6 5. Nc3 Bb4 6. Bd2 Ne7 7. Bg5 h6
8. Bxe7 Qxe7 9. Qd2 O-O 10. a3 Ba5 11. Bd3 Bxd3 12. Qxd3 c5 13. b3 cxd4 14.
Nxd4 Nd7 15. f4 Nc5 16. Qe3 Ne4 17. b4 Bxb4 18. axb4 Qxb4 19. Nde2 Rac8 20.
O-O-O Qa3+ 21. Kb1 Rxc3 22. Rd3 Rxd3 23. Qxd3 Qb4+ 24. Kc1 Nf2 25. Qe3 Nxh1 26.
Qg1 Qa4 27. Nc3 Qxf4+ 28. Kb2 Qb4+ 29. Kc1 Qxc3 30. Qxh1 Qa1+ 31. Kd2 Qxh1 32.
g4 0-1

[Event "Flint (Class B/2)"]
[Site "?"]
[Date "1993.??.??"]
[Round "?"]
[White "Ruark, D."]
[Black "Hawley, T."]
[Result "0-1"]
[WhiteElo "1685"]
[BlackElo "1760"]
[PlyCount "22"]
[EventDate "1993.??.??"]

1. e4 e5 2. Nf3 Nc6 3. Bc4 Nf6 4. d3 d5 5. exd5 Nxd5 6. O-O Bc5 7. Re1 Bg4 8.
Nxe5 Bxf2+ 9. Kxf2 Qh4+ 10. Kg1 Bxd1 11. Ng6+ Qxe1# 0-1

[Event "Flint (Class B/4)"]
[Site "?"]
[Date "1993.??.??"]
[Round "?"]
[White "Ruark, D."]
[Black "Foord, Allan"]
[Result "1-0"]
[WhiteElo "1685"]
[BlackElo "1605"]
[PlyCount "104"]
[EventDate "1993.??.??"]

1. e4 c5 2. Nf3 d6 3. Bc4 Nf6 4. Nc3 e6 5. O-O Be7 6. d4 cxd4 7. Nxd4 O-O 8.
Nf3 Qc7 9. Bb3 a6 10. a3 Nc6 11. Re1 Rd8 12. Qe2 b5 13. Be3 Bb7 14. h3 Rac8 15.
Nd4 d5 16. Nxc6 Bxc6 17. exd5 Nxd5 18. Nxd5 Bxd5 19. Bxd5 Rxd5 20. c3 Qc4 21.
Qxc4 bxc4 22. Rad1 Rcd8 23. Rd4 Rxd4 24. Bxd4 Bg5 25. Re2 Rb8 26. Rc2 f6 27.
Be3 Bxe3 28. fxe3 f5 29. Rd2 Kf7 30. Kf2 Ke7 31. g3 g5 32. Kf3 h5 33. Ke2 Rb3
34. e4 Kf6 35. Ke3 Rb5 36. exf5 Re5+ 37. Kf3 Rxf5+ 38. Ke3 Re5+ 39. Kf3 Rd5 40.
Rd4 Rc5 41. Ke3 e5 42. Rd6+ Kf5 43. Rxa6 Rb5 44. Rc6 Rxb2 45. Rxc4 Rb3 46. g4+
hxg4 47. hxg4+ Ke6 48. a4 Ra3 49. Ke4 Ra1 50. Rc6+ Kd7 51. Ra6 Re1+ 52. Kd5
Rd1+ 1-0

[Event "Gaylord (NMO/3/4)"]
[Site "?"]
[Date "1993.??.??"]
[Round "?"]
[White "Rowlinson, T."]
[Black "Vaka, Flamur"]
[Result "0-1"]
[WhiteElo "1885"]
[BlackElo "1710"]
[PlyCount "60"]
[EventDate "1993.??.??"]

{3/(4)} 1. e4 e5 2. Nf3 Nc6 3. Bb5 a6 4. Ba4 Bc5 5. c3 Nge7 6. O-O d5 7. exd5
Qxd5 8. Bb3 Qd6 9. d3 Bg4 10. h3 Bh5 11. Be3 O-O-O 12. Bc2 Rhg8 13. Nbd2 g5 14.
Ne4 Qg6 15. Nxc5 g4 16. d4 Qg7 17. Nh4 exd4 18. cxd4 Nxd4 19. Bxd4 Rxd4 20. Qe1
Qg5 21. Ne4 Qxh4 22. g3 gxh3 23. Kh2 Qg4 24. Bd1 Qf5 25. Nd6+ Rxd6 26. Qxe7
Rxd1 27. Raxd1 Bxd1 28. Qe3 Qd5 29. Kxh3 Bf3 30. Qh6 Bg2+ 0-1

[Event "Gaylord (NMO/5/7)"]
[Site "?"]
[Date "1993.??.??"]
[Round "?"]
[White "Rowlinson, T."]
[Black "Stockton, T."]
[Result "1-0"]
[WhiteElo "1885"]
[BlackElo "1605"]
[PlyCount "63"]
[EventDate "1993.??.??"]

{5/(7)} 1. e4 e5 2. Nf3 Nc6 3. Bb5 a6 4. Ba4 d6 5. c3 Bg4 6. d3 Nge7 7. Nbd2
Ng6 8. h3 Bd7 9. Nf1 Be7 10. Ng3 O-O 11. Bb3 Be6 12. Be3 Na5 13. Bc2 c5 14. Qd2
h6 15. Nh5 f5 16. exf5 Bxf5 17. Ng3 Be6 18. Nh5 Kh7 19. d4 Nc4 20. Bxg6+ Kxg6
21. Qd3+ Kf7 22. d5 Bxh3 23. Rxh3 Nxb2 24. Qf5+ Kg8 25. Qg6 Bf6 26. Bxh6 e4 27.
Ng5 Bxc3+ 28. Rxc3 Nd3+ 29. Rxd3 Qa5+ 30. Rd2 Qxd2+ 31. Kxd2 Rxf2+ 32. Ke3 1-0

[Event "Gaylord (NMO/1/8)"]
[Site "?"]
[Date "1993.??.??"]
[Round "?"]
[White "Rowlinson, T."]
[Black "Skogman, R."]
[Result "1-0"]
[WhiteElo "1885"]
[BlackElo "1605"]
[PlyCount "25"]
[EventDate "1993.??.??"]

{1/(8)} 1. e4 e6 2. d3 d5 3. Nd2 c5 4. Ngf3 Nc6 5. g3 d4 6. Bg2 e5 7. O-O Nf6
8. Nc4 Bd6 9. Nxd6+ Qxd6 10. Nh4 Ne7 11. f4 Bg4 12. Qe1 exf4 13. e5 1-0

[Event "Troy (TCC/B/5/5)"]
[Site "?"]
[Date "1993.??.??"]
[Round "?"]
[White "Rostrom, Richard"]
[Black "Vega, D."]
[Result "1-0"]
[WhiteElo "1610"]
[BlackElo "1605"]
[PlyCount "93"]
[EventDate "1993.??.??"]

{5/(5)} 1. c4 Nf6 2. Nc3 g6 3. g3 c6 4. Bg2 Bg7 5. Nf3 d6 6. O-O Nbd7 7. d4 O-O
8. Bd2 a6 9. Qc1 Re8 10. Bh6 Bh8 11. Re1 e5 12. d5 cxd5 13. Nxd5 Nb6 14. e4 Ng4
15. Bg5 f6 16. Bd2 Nxd5 17. cxd5 f5 18. h3 Nf6 19. Bg5 fxe4 20. Nd2 Qa5 21.
Bxf6 Bxf6 22. Nxe4 Be7 23. Kh2 Rf8 24. Rf1 Bd7 25. a3 Rac8 26. Qe3 Bb5 27. b4
Qd8 28. Rfc1 Kg7 29. Rc3 Rxc3 30. Qxc3 Qd7 31. Rc1 h6 32. Qe3 Bd8 33. Rc3 b6
34. h4 Bc7 35. Qc1 Bb8 36. Bh3 Qe7 37. Rc8 a5 38. Rxf8 Kxf8 39. Qc8+ Be8 40.
Nf6 Qf7 41. Bd7 Kg7 42. Nxe8+ Kh7 43. Kg2 Qxd5+ 44. Kh2 Qf3 45. Bh3 axb4 46.
axb4 d5 47. Qxb8 1-0

[Event "East Lansing (MOR/4/27)"]
[Site "?"]
[Date "1993.??.??"]
[Round "?"]
[White "Rostrom, Richard"]
[Black "Vaughn, Gerald"]
[Result "0-1"]
[WhiteElo "1605"]
[BlackElo "1605"]
[PlyCount "98"]
[EventDate "1993.??.??"]

{4/(27)} 1. c4 e5 2. Nc3 Nf6 3. g3 Bc5 4. Bg2 c6 5. e4 d6 6. Nge2 Be6 7. d3 Bb4
8. O-O Bxc3 9. Nxc3 Nbd7 10. f4 Qb6+ 11. Kh1 Ng4 12. Qe2 exf4 13. Rxf4 Nde5 14.
h3 h5 15. Rf3 Nxf3 16. Bxf3 Nf2+ 17. Kh2 Nxh3 18. Be3 Qd8 19. Kg2 Ng5 20. Rh1
Nxf3 21. Qxf3 h4 22. g4 Qd7 23. Kh3 O-O-O 24. Ne2 d5 25. cxd5 cxd5 26. Bxa7
Bxg4+ 27. Qxg4 Qxg4+ 28. Kxg4 dxe4 29. Rc1+ Kd7 30. dxe4 f6 31. Bb6 Rc8 32.
Rxc8 Kxc8 33. Nf4 Re8 34. Kf3 g5 35. Nh3 Re6 36. Ba5 b5 37. Nf2 Kd7 38. Kg4 Rc6
39. Bc3 Ke6 40. a3 Rc4 41. Kf3 f5 42. exf5+ Kxf5 43. Kg2 g4 44. Nd1 Re4 45. Nf2
Re3 46. Kf1 h3 47. Kg1 Rf3 {[Remainder illegible; 0-1, 53?]} 48. Nd1 Rg3+ 49.
Kh1 Kf4 0-1

[Event "Ann Arbor (HVA/5/9)"]
[Site "?"]
[Date "1993.??.??"]
[Round "?"]
[White "Rostrom, Richard"]
[Black "Stockton, T."]
[Result "1/2-1/2"]
[WhiteElo "1685"]
[BlackElo "1605"]
[PlyCount "114"]
[EventDate "1993.??.??"]

{5/(9)} 1. c4 e5 2. Nc3 Nf6 3. g3 d5 4. cxd5 Nxd5 5. Bg2 Nb6 6. Nf3 Nc6 7. O-O
Be7 8. d3 O-O 9. Be3 f5 10. Qd2 Kh8 11. Bg5 Bxg5 12. Qxg5 Qxg5 13. Nxg5 h6 14.
Nf3 Be6 15. a3 Rf7 16. Na2 Nd5 17. Nc3 Rd8 18. Rac1 Re7 19. Na4 Bf7 20. b4 Nd4
21. Nxd4 exd4 22. Rfe1 c6 23. Bh3 f4 24. Bg2 fxg3 25. hxg3 Bh5 26. Be4 Nf6 27.
Bf3 Bxf3 28. exf3 Rde8 29. Kf1 Kg8 30. Rxe7 Rxe7 31. Re1 Kf7 32. Nc5 Rc7 33.
Rc1 Nd7 34. Nb3 Ne5 35. Ke2 Rd7 36. f4 Ng4 37. Kf3 Nf6 38. Rc4 g6 39. Rxd4 Rxd4
40. Nxd4 Nd7 41. Nb3 Kf6 42. Nd2 c5 43. Ne4+ Ke6 44. bxc5 Kd5 45. g4 a5 46. Ke3
h5 47. f5 gxf5 48. gxf5 Ke5 49. d4+ Kxf5 50. Kf3 Ke6 51. Nd6 Kd5 52. Nxb7 Kxd4
53. c6 Ne5+ 54. Kg3 Nxc6 55. f4 Ke4 56. Nd6+ Kd5 57. Nf5 Nd4 1/2-1/2

[Event "Gaylord (NMO/3/18)"]
[Site "?"]
[Date "1993.??.??"]
[Round "?"]
[White "Rostrom, Richard"]
[Black "Ruelas, Erik"]
[Result "1/2-1/2"]
[WhiteElo "1685"]
[BlackElo "1605"]
[PlyCount "70"]
[EventDate "1993.??.??"]

{3/(18)} 1. c4 e5 2. Nc3 Nf6 3. g3 d6 4. Bg2 c6 5. Nf3 Bf5 6. O-O Be7 7. d3 d5
8. Nxe5 O-O 9. Qb3 Nbd7 10. Nf3 Nc5 11. Qd1 d4 12. Ne4 Bxe4 13. dxe4 d3 14.
exd3 Nxd3 15. Qe2 Bc5 16. Be3 Bxe3 17. fxe3 Nc5 18. Rad1 Qe7 19. e5 Nfd7 20.
Rd2 Nxe5 21. Nd4 Rad8 22. Nf5 Qe6 23. b3 g6 24. Nd4 Qd7 25. Rfd1 Qe7 26. Nf3
Ng4 27. Rxd8 Rxd8 28. Rxd8+ Qxd8 29. Nd4 Nh6 30. h3 Qd6 31. Kf2 Qe5 32. Nf3 Qe7
33. Nd4 Qd6 34. Qf3 Ne6 35. Qf6 Qd7 1/2-1/2

[Event "Flint (Class B/1)"]
[Site "?"]
[Date "1993.??.??"]
[Round "?"]
[White "Rostrom, Richard"]
[Black "Ruark, D."]
[Result "0-1"]
[WhiteElo "1605"]
[BlackElo "1685"]
[PlyCount "128"]
[EventDate "1993.??.??"]

1. c4 e5 2. Nc3 Nf6 3. g3 Be7 4. Bg2 O-O 5. Nf3 d6 6. O-O Nc6 7. d4 exd4 8.
Nxd4 Ne5 9. b3 Rb8 10. Bb2 Bg4 11. h3 Be6 12. Nd5 Bxd5 13. cxd5 Qd7 14. Kh2 Ng6
15. Rc1 a6 16. e4 Rfe8 17. f4 h6 18. Ne2 Nh7 19. e5 dxe5 20. fxe5 Bg5 21. Rc2
Nxe5 22. Nf4 Qd6 23. Re2 Bxf4 24. Rxf4 Ng6 25. Rfe4 Rxe4 26. Rxe4 Nf6 27. Qd4
Re8 28. Rxe8+ Nxe8 29. Bc3 Nf6 30. Bb4 Qe5 31. Qd3 Nf4 32. Qc3 Qxc3 33. Bxc3
Nxg2 34. Bxf6 Ne3 35. d6 cxd6 36. Bd4 Nf5 37. Bb6 d5 38. Kg2 f6 39. Bc5 Kf7 40.
Kf3 Ke6 41. g4 Nd6 42. Ke3 g6 43. h4 h5 44. gxh5 gxh5 45. Kf4 Ne4 46. Bd4 b5
47. Bb6 Nd6 48. Bd4 Nf5 49. Bf2 Nh6 50. Bc5 Ng8 51. Bb6 Ne7 52. Bc5 Ng6+ 53.
Kg3 Kf5 54. Bd4 Ne5 55. Bb6 Ke4 56. Bd8 f5 57. Bg5 Nd3 58. Bd2 f4+ 59. Kg2 f3+
60. Kf1 Kf5 61. Bg5 Kg4 62. Kg1 Ne5 63. Kf2 Ng6 64. Bf6 Nxh4 0-1

[Event "Troy (TCC/B/3/5)"]
[Site "?"]
[Date "1993.??.??"]
[Round "?"]
[White "Rostrom, Richard"]
[Black "Reeves, Andre"]
[Result "0-1"]
[WhiteElo "1610"]
[BlackElo "1645"]
[PlyCount "86"]
[EventDate "1993.??.??"]

{3/(5)} 1. c4 Nf6 2. Nc3 e6 3. g3 d5 4. cxd5 exd5 5. d4 Bb4 6. Bd2 Nc6 7. Nf3
Bg4 8. e3 Ne4 9. Bg2 Bxc3 10. Bxc3 Qf6 11. h3 Bh5 12. g4 Bg6 13. O-O O-O-O 14.
Qa4 h5 15. Ne5 hxg4 16. Nxg4 Qh4 17. f3 Ng5 18. Be1 Nxh3+ 19. Bxh3 Qxh3 20. Kf2
f5 21. Ke2 fxg4 22. fxg4 Bd3+ 23. Kxd3 Qxf1+ 24. Kc3 Qc4+ 25. Qxc4 dxc4 26. Bg3
g5 27. Kxc4 Rh3 28. Rg1 Rf8 29. d5 Ne7 30. d6 Nc6 31. dxc7 Rf3 32. Bd6 Rxe3 33.
Rf1 Rh8 34. Rf7 Ne5+ 35. Bxe5 Rxe5 36. b4 Re4+ 37. Kc5 Rxg4 38. a4 Rf4 39. Rg7
g4 40. a5 Rhf8 41. b5 R8f7 42. b6 axb6+ 43. Kxb6 R4f6+ 0-1

[Event "Troy (TCC/B/1a/5)"]
[Site "?"]
[Date "1993.??.??"]
[Round "?"]
[White "Rostrom, Richard"]
[Black "Morabito, Matthew"]
[Result "1-0"]
[WhiteElo "1610"]
[BlackElo "1760"]
[PlyCount "95"]
[EventDate "1993.??.??"]

1. c4 Nf6 2. Nc3 g6 3. g3 Bg7 4. Bg2 O-O 5. Nf3 d6 6. O-O e5 7. d3 Nbd7 8. Bg5
h6 9. Be3 Ng4 10. Qd2 f5 11. h3 Nxe3 12. Qxe3 Nf6 13. Qd2 Kh7 14. Rad1 c6 15.
e4 Ne8 16. Kh2 f4 17. d4 exd4 18. Nxd4 Bxd4 19. Qxd4 f3 20. Bh1 Qd7 21. g4 h5
22. e5 hxg4 23. Qxg4 Qxg4 24. hxg4 dxe5 25. Rd8 Kg7 26. Kg3 Nf6 27. Rxf8 Kxf8
28. Bxf3 Be6 29. b3 Ke7 30. Re1 Kd6 31. Ne4+ Nxe4+ 32. Bxe4 g5 33. Rh1 Re8 34.
Rh5 Rg8 35. Rh7 Bd7 36. Rh6+ Kc7 37. Rh7 Kd8 38. Bf5 Bxf5 39. gxf5 Kc8 40. Re7
Rd8 41. f6 Rf8 42. f7 Kd8 43. Rxb7 a5 44. Kg4 Kc8 45. Ra7 Kd8 46. Kxg5 c5 47.
Kg6 e4 48. Kg7 1-0

[Event "East Lansing (MOR/2/28)"]
[Site "?"]
[Date "1993.??.??"]
[Round "?"]
[White "Rostrom, Richard"]
[Black "Meyer, A."]
[Result "0-1"]
[WhiteElo "1605"]
[BlackElo "1605"]
[PlyCount "74"]
[EventDate "1993.??.??"]

{2/(28)} 1. c4 e5 2. Nc3 Nf6 3. g3 Nc6 4. Bg2 Bb4 5. Nd5 Nxd5 6. cxd5 Ne7 7. a3
Bc5 8. d3 O-O 9. Qc2 d6 10. e3 Bg4 11. Ne2 Qd7 12. Nc3 a6 13. O-O Nf5 14. Bd2
f6 15. Ne4 Bb6 16. Nc3 Nh6 17. e4 Nf7 18. Rfe1 Ng5 19. Be3 Nf3+ 20. Kh1 Nxe1
21. Rxe1 Bxe3 22. Rxe3 Rf7 23. f3 Bh3 24. Re1 h5 25. Qf2 Bxg2+ 26. Qxg2 Raf8
27. Nd1 f5 28. Rf1 Qb5 29. exf5 Qxd3 30. Nf2 Qxd5 31. Ne4 Rxf5 32. f4 Qb5 33.
Ng5 Rxg5 34. h4 Rgf5 35. Rg1 Qc6 36. Kh2 Qxg2+ 37. Kxg2 exf4 0-1

[Event "Flint (MI Senior/1)"]
[Site "?"]
[Date "1993.??.??"]
[Round "?"]
[White "Rostrom, Richard"]
[Black "Mazuchowski, Tom"]
[Result "0-1"]
[WhiteElo "1610"]
[BlackElo "2135"]
[PlyCount "104"]
[EventDate "1993.??.??"]

1. c4 Nf6 2. Nc3 g6 3. g3 Bg7 4. Bg2 O-O 5. Nf3 d6 6. O-O Nc6 7. d3 e5 8. a3 a5
9. Rb1 Nh5 10. e4 f5 11. exf5 gxf5 12. Bg5 Bf6 13. Qd2 Nd4 14. h4 Ne6 15. Nd5
Bxg5 16. Nxg5 c6 17. Nxe6 Bxe6 18. Nc3 Qe8 19. Qg5+ Kh8 20. Bf3 Nf4 21. Kh2
Nxd3 22. Bh5 Qd8 23. Qe3 Bxc4 24. Be2 e4 25. Qd4+ Qf6 26. Qxc4 d5 27. Qb3 d4
28. Nd1 Ne5 29. f4 Ng6 30. Nf2 a4 31. Qc4 b5 32. Qc5 Rad8 33. Rbc1 Ne7 34. Qe5
Qxe5 35. fxe5 d3 36. Bh5 e3 37. Nd1 e2 38. Nc3 exf1=Q 39. Rxf1 Ng6 40. e6 Rd6
41. Re1 Re8 42. e7 Rxe7 43. Rf1 Re5 44. Bf3 Kg7 45. Rd1 Ne7 46. Kg2 Ng8 47. Na2
Nf6 48. Nb4 d2 49. Kf2 Ne4+ 50. Kg2 Kf6 51. Nc2 Nc5 52. Kf2 Nd3+ 0-1

[Event "Lansing (MI Am/2)"]
[Site "?"]
[Date "1993.??.??"]
[Round "?"]
[White "Rostrom, Richard"]
[Black "June, Brian"]
[Result "0-1"]
[WhiteElo "1610"]
[BlackElo "1885"]
[PlyCount "102"]
[EventDate "1993.??.??"]

1. c4 Nf6 2. Nc3 b6 3. d4 Bb7 4. d5 e6 5. e4 exd5 6. cxd5 Bb4 7. Bd3 Na6 8.
Nge2 Nc5 9. Ng3 Qe7 10. Nf5 Nxd3+ 11. Qxd3 Qxe4+ 12. Qxe4+ Nxe4 13. a3 Bxc3+
14. bxc3 O-O-O 15. c4 Ba6 16. O-O Bxc4 17. Re1 Nc3 18. d6 Rde8 19. Bb2 Nd5 20.
Nxg7 Rxe1+ 21. Rxe1 Rg8 22. Nf5 Kd8 23. dxc7+ Kxc7 24. Be5+ Kc6 25. Rd1 Rg5 26.
Nd4+ Kb7 27. Bg3 b5 28. Re1 Rg4 29. Nf5 Kb6 30. f3 Rg6 31. Bf2+ Kb7 32. Bg3 Ra6
33. Nd6+ Kc6 34. Nxf7 Rxa3 35. Ne5+ Kb7 36. Nxd7 a5 37. Nc5+ Kb6 38. Ne6 Re3
39. Nd4 Kc5 40. Rd1 Rd3 41. Rxd3 Bxd3 42. Bf2 Kc4 43. Nc6 a4 44. Ne5+ Kc3 45.
Be1+ Kc2 46. Nc6 a3 47. Bf2 b4 48. Bd4 b3 49. Ba1 b2 50. Nd4+ Kc3 51. Bxb2+
axb2 0-1

[Event "Gaylord (NMO/5/15)"]
[Site "?"]
[Date "1993.??.??"]
[Round "?"]
[White "Rostrom, Richard"]
[Black "Jones, W."]
[Result "0-1"]
[WhiteElo "1685"]
[BlackElo "1605"]
[PlyCount "72"]
[EventDate "1993.??.??"]

{5/(15)} 1. c4 e5 2. Nc3 Nf6 3. g3 Bc5 4. Bg2 Nc6 5. d3 d6 6. Nf3 O-O 7. O-O
Be6 8. Bg5 h6 9. Bxf6 Qxf6 10. Ne4 Qe7 11. Nxc5 dxc5 12. a3 Rad8 13. Qc1 Qd7
14. b4 Nd4 15. Qb2 Nxf3+ 16. Bxf3 Bh3 17. Bg2 Bxg2 18. Kxg2 Qc6+ 19. f3 cxb4
20. axb4 a6 21. Qxe5 Rfe8 22. Qb2 Re3 23. Rfe1 Rde8 24. Kf2 Qe6 25. Ra2 Qh3 26.
Kg1 Rxf3 27. Qd4 Ree3 28. Qh4 Rxg3+ 29. Qxg3 Rxg3+ 30. hxg3 Qxg3+ 31. Kf1 h5
32. e3 h4 33. Rg2 Qf3+ 34. Kg1 h3 35. Rf2 h2+ 36. Rxh2 Qg3+ 0-1

[Event "Gaylord (NMO/1/1)"]
[Site "?"]
[Date "1993.??.??"]
[Round "?"]
[White "Rostrom, Richard"]
[Black "Jirjis, Faris"]
[Result "0-1"]
[WhiteElo "1685"]
[BlackElo "2145"]
[PlyCount "78"]
[EventDate "1993.??.??"]

{1/(1)} 1. c4 c6 2. e4 d5 3. cxd5 cxd5 4. exd5 Nf6 5. g3 Qxd5 6. Qf3 Qc5 7. Qc3
e6 8. Bg2 Na6 9. Nf3 Nb4 10. O-O Nc2 11. d4 Qxc3 12. bxc3 Nxa1 13. Bb2 Nc2 14.
Rc1 Nxd4 15. cxd4 Bd6 16. Nc3 Bd7 17. Ne5 O-O 18. Ne4 Bxe5 19. dxe5 Nxe4 20.
Bxe4 Rac8 21. Rd1 Bc6 22. Bg2 Rfd8 23. Rd6 Bxg2 24. Kxg2 Kf8 25. Ba3 Ke8 26.
Kh3 Rc2 27. f4 Rxa2 28. Bc5 Ra5 29. Rxd8+ Kxd8 30. Bf8 g5 31. Kg4 gxf4 32. gxf4
b5 33. Kg5 Ra4 34. f5 exf5 35. Kxf5 b4 36. Bh6 b3 37. Bc1 Ra2 38. Kf6 Ke8 39.
h4 b2 0-1

[Event "Ann Arbor (HVA/3/15)"]
[Site "?"]
[Date "1993.??.??"]
[Round "?"]
[White "Rostrom, Richard"]
[Black "Jagodzinski, J."]
[Result "1/2-1/2"]
[WhiteElo "1685"]
[BlackElo "1605"]
[PlyCount "83"]
[EventDate "1993.??.??"]

{3/(15)} 1. c4 e5 2. Nc3 Nf6 3. g3 Bc5 4. Bg2 Nc6 5. Nf3 d5 6. cxd5 Nxd5 7. O-O
Nxc3 8. bxc3 O-O 9. d3 Re8 10. Nd2 Be6 11. h3 Bd5 12. e4 Be6 13. Nb3 Bxb3 14.
axb3 a5 15. Kh2 Qd7 16. Be3 Bxe3 17. fxe3 b6 18. d4 Rad8 19. d5 Ne7 20. Qf3 f6
21. h4 Rf8 22. c4 c5 23. Bh3 Qc7 24. Be6+ Kh8 25. Rf2 Nc8 26. Raf1 Nd6 27. h5
h6 28. Qg4 Nf7 29. Qg6 Ng5 30. Bg4 Qf7 31. Qxf7 Nxf7 32. Bf5 Nd6 33. Rd2 Ra8
34. Ra1 Ra7 35. Rda2 Rfa8 36. Ra4 Kg8 37. Bg6 Kf8 38. Kg2 Ke7 39. Kf3 Kd8 40.
Ke2 Kc8 41. Kd3 Kb8 42. Bf5 1/2-1/2

[Event "East Lansing (MOR/7/29)"]
[Site "?"]
[Date "1993.??.??"]
[Round "?"]
[White "Rostrom, Richard"]
[Black "Jackson, Don"]
[Result "0-1"]
[WhiteElo "1605"]
[BlackElo "1605"]
[PlyCount "96"]
[EventDate "1993.??.??"]

{7/(29)} 1. c4 c5 2. Nc3 Nc6 3. g3 Nf6 4. Bg2 e6 5. e4 Ne5 6. d3 Be7 7. Nf3
Nxf3+ 8. Qxf3 d6 9. O-O O-O 10. h3 Nd7 11. Kh2 Ne5 12. Qe2 Qc7 13. f4 Ng6 14.
Nd1 f6 15. Ne3 Rb8 16. f5 Ne5 17. Ng4 b6 18. Nxe5 dxe5 19. Be3 exf5 20. exf5
Bd6 21. Bd5+ Kh8 22. h4 e4 23. Bf4 Bxf4 24. Rxf4 exd3 25. Qxd3 Bb7 26. Re1 Rbd8
27. Rfe4 Qd7 28. Re7 Qc8 29. Qe4 Bxd5 30. cxd5 Qa8 31. Qg4 Rg8 32. Rc7 Rde8 33.
Rd1 Re5 34. d6 Rd5 35. Rxd5 Qxd5 36. Qf4 Rd8 37. Rxa7 Rxd6 38. Ra8+ Rd8 39. Ra7
Qc6 40. Qe3 b5 41. Re7 Qa8 42. Qe2 c4 43. Qe3 b4 44. Ra7 Qc6 45. Qe7 Rd2+ 46.
Kh3 Qh1+ 47. Kg4 Rd4+ 48. Kh5 Qf3+ 0-1

[Event "Flint (Class B/4)"]
[Site "?"]
[Date "1993.??.??"]
[Round "?"]
[White "Rostrom, Richard"]
[Black "Grzegorczyk, Ron"]
[Result "1-0"]
[WhiteElo "1605"]
[BlackElo "1670"]
[PlyCount "149"]
[EventDate "1993.??.??"]

1. c4 c5 2. Nc3 Nc6 3. g3 Nf6 4. Bg2 d6 5. Nf3 Bd7 6. O-O g6 7. a3 Bg7 8. Rb1
O-O 9. b4 Rb8 10. b5 Nd4 11. Nxd4 cxd4 12. Ne4 b6 13. d3 Nxe4 14. Bxe4 Bh3 15.
Bg2 Bxg2 16. Kxg2 d5 17. Bf4 e5 18. Bd2 dxc4 19. dxc4 Rc8 20. Bb4 Re8 21. Rc1
e4 22. c5 Bh6 23. Rc4 Qd5 24. Rxd4 Qf5 25. Rd5 Qe6 26. e3 Bf8 27. Qd4 Bg7 28.
Qd2 h5 29. c6 h4 30. Rd6 Qg4 31. Qd1 Qf5 32. Rd5 Re5 33. Rxe5 Bxe5 34. f4 h3+
35. Kg1 Bf6 36. Qd7 Qxd7 37. cxd7 Rc7 38. Rd1 Bd8 39. g4 f6 40. Kf2 Kf7 41. f5
Rc2+ 42. Kg3 Re2 43. Kf4 Rxh2 44. Kxe4 Re2 45. Rh1 h2 46. Bd6 Rd2 47. Bxh2 Rxd7
48. Bb8 Re7+ 49. Kf3 Kg7 50. Bd6 Rd7 51. Bb4 Rd5 52. e4 Rxb5 53. Rd1 a5 54.
Rd7+ Kh6 55. Bf8+ Kg5 56. Rxd8 Rb3+ 57. Ke2 gxf5 58. gxf5 Kf4 59. Rd4 b5 60.
Bd6+ Kg5 61. Rd3 Rb2+ 62. Ke3 Rb1 63. Bf4+ Kg4 64. Bd6 Re1+ 65. Kd4 Rc1 66.
Rg3+ Kh4 67. Rc3 Rd1+ 68. Rd3 Rc1 69. e5 fxe5+ 70. Kxe5 Re1+ 71. Kf6 Re4 72.
Rb3 Rd4 73. Ke5 Rg4 74. Be7+ Kh5 75. Rh3+ 1-0

[Event "Lansing (MI Am/5)"]
[Site "?"]
[Date "1993.??.??"]
[Round "?"]
[White "Rostrom, Richard"]
[Black "Foote, Greg"]
[Result "1/2-1/2"]
[WhiteElo "1610"]
[BlackElo "1605"]
[PlyCount "65"]
[EventDate "1993.??.??"]

1. c4 e5 2. Nc3 Nc6 3. g3 Nf6 4. Bg2 Bc5 5. Nf3 O-O 6. O-O d5 7. cxd5 Nxd5 8.
a3 Nf6 9. d3 Be6 10. Ng5 Bd7 11. Nge4 Nxe4 12. Nxe4 Bb6 13. Rb1 Qc8 14. b4 Bh3
15. Nc3 Bxg2 16. Kxg2 a6 17. a4 a5 18. b5 Nb4 19. Ba3 Bc5 20. Bxb4 Bxb4 21. Nd5
Bc5 22. Rc1 Bd6 23. Rxc7 Qe6 24. e4 Rab8 25. Rc2 Rfc8 26. Rc4 Bc5 27. Qe2 b6
28. f4 f6 29. f5 Qf7 30. Rfc1 Rf8 31. Qf3 Rb7 32. Ne3 Rd7 33. Nd5 1/2-1/2

[Event "Flint (MI Senior/3)"]
[Site "?"]
[Date "1993.??.??"]
[Round "?"]
[White "Rostrom, Richard"]
[Black "Carr, Jay"]
[Result "0-1"]
[WhiteElo "1610"]
[BlackElo "1720"]
[PlyCount "100"]
[EventDate "1993.??.??"]

1. c4 Nf6 2. Nc3 c6 3. g3 d5 4. cxd5 cxd5 5. d4 Bf5 6. Nf3 h6 7. Bg2 e6 8. O-O
Nbd7 9. Bf4 Be7 10. Nb5 O-O 11. Rc1 Qb6 12. Qb3 a6 13. Bc7 Qxb5 14. Qxb5 axb5
15. a3 Ra6 16. Be5 Rc6 17. Rc3 Rfc8 18. Rfc1 Rxc3 19. Rxc3 Rxc3 20. bxc3 Nxe5
21. dxe5 Ne4 22. Nd4 Nxc3 23. Kf1 Bxa3 24. Ke1 Be7 25. e3 b4 26. Kd2 Ne4+ 27.
Kc1 Nxf2 28. Nxf5 exf5 29. Bxd5 Nd3+ 30. Kc2 Nxe5 31. Bxb7 g5 32. h3 Kg7 33.
Bd5 Kf6 34. Bb7 Nc4 35. Kd3 Na5 36. Bd5 Bd6 37. g4 f4 38. exf4 Bxf4 39. Kc2 b3+
40. Kb1 Be5 41. Kc1 Ke7 42. Kb1 f6 43. Kc1 Kd6 44. Bf7 b2+ 45. Kb1 Kc5 46. Bg6
Nc4 47. Bf5 Nd2+ 48. Ka2 b1=Q+ 49. Bxb1 Nxb1 50. Kxb1 Kd4 0-1

[Event "Lansing (MI Am/3)"]
[Site "?"]
[Date "1993.??.??"]
[Round "?"]
[White "Rostrom, Richard"]
[Black "Berger, Byron"]
[Result "1-0"]
[WhiteElo "1610"]
[BlackElo "1605"]
[PlyCount "87"]
[EventDate "1993.??.??"]

1. c4 e5 2. Nc3 Nf6 3. g3 c6 4. Nf3 e4 5. Ng5 d5 6. Bg2 h6 7. Nh3 Be6 8. Nf4
Bf5 9. d3 g5 10. dxe4 Nxe4 11. Bxe4 dxe4 12. Qxd8+ Kxd8 13. Ng2 Bg7 14. Ne3 Bg6
15. O-O Re8 16. Bd2 Bh5 17. g4 Bg6 18. Rab1 Na6 19. Nf5 Bf8 20. Rfd1 Kc7 21.
Be3 Bc5 22. a3 Bxe3 23. Nxe3 Nc5 24. b4 Ne6 25. Ng2 e3 26. Rb2 exf2+ 27. Kxf2
Nf4 28. Nxf4 gxf4 29. Rbd2 Rad8 30. Rxd8 Rxd8 31. Rxd8 Kxd8 32. Kf3 Ke7 33.
Kxf4 Ke6 34. e4 h5 35. h3 hxg4 36. hxg4 Bh7 37. Ne2 Bg6 38. c5 f6 39. Nd4+ Ke7
40. Nf5+ Bxf5 41. Kxf5 Kf7 42. e5 fxe5 43. Kxe5 Kg6 44. Kd6 1-0